| 000 | 00749nam a22001937a 4500 | ||
|---|---|---|---|
| 005 | 20250922161636.0 | ||
| 008 | 250905b |||||||| |||| 00| 0 eng d | ||
| 020 | _a9781071931523 | ||
| 082 | _aDC 004.076 P946 2024 | ||
| 100 |
_aProttsman, Kiki. _967320 |
||
| 245 |
_aLet's all teach computer science : _ba guide to integrating computer science into the K-12 classroom / _cKiki Prottsman. |
||
| 260 |
_aCalifornia : _bCorwin, _c©2024. |
||
| 300 |
_axv, 114 pages : _billustrations (some colors) ; _c25 cm. |
||
| 500 | _aIncludes glossary, bibliography, index. | ||
| 650 | 0 |
_aComputer science _vStudy and teaching (Elementary). _968057 |
|
| 650 | 0 |
_aComputer literacy. _968058 |
|
| 650 | 0 |
_aComputational learning theory. _968059 |
|
| 942 |
_2ddc _cDC |
||
| 999 |
_c23703 _d23703 |
||